Ekologické inovácie v podnikoch cestovného ruchu diplomová práca

Guardado en:
Detalles Bibliográficos
Autor principal: Ďuriková, Jana
Autor Corporativo: Obchodná fakulta EU. Katedra cestovného ruchu
Otros Autores: Benešová, Dana, 1958-
Formato: Libro
Lenguaje:eslovaco
Publicado: Bratislava 2024
Etiquetas: Agregar Etiqueta
Sin Etiquetas, Sea el primero en etiquetar este registro!

MARC

LEADER 00000nbm a2200000 4500
001 0302200
005 20250819110942.4
041 0 |a slo 
044 |a SK 
245 1 0 |a Ekologické inovácie v podnikoch cestovného ruchu  |b diplomová práca  |c Jana Ďuriková ; školiteľ: Dana Benešová 
264 1 |a Bratislava  |c 2024 
300 |a 73 s. 
100 1 |a Ďuriková, Jana 
700 1 |a Benešová, Dana, 1958- 
710 2 |a Obchodná fakulta EU. Katedra cestovného ruchu